000 00414nam a2200169Ia 4500
999 _c2845
_d2845
003 OSt
005 20191005144807.0
008 190902s9999||||xx |||||||||||||| ||und||
020 _a969-407--223-6
020 _aB01I24TLA0
040 _cmaju
100 _aM. Umer Chapra
245 4 _aThe Future of Economics (An Islamic Perspective)
260 _aLondon
_bPrentice Hall
_c2000
300 _a446
942 _cBK
_2ddc